| 000 | 00607nam a22001817a 4500 | ||
|---|---|---|---|
| 999 |
_c186828 _d186828 |
||
| 005 | 20220321102802.0 | ||
| 010 | _aENG-132029 | ||
| 020 |
_a9789385471698 _c90.00 |
||
| 035 | _aEN-115561 | ||
| 037 | _bDBAD | ||
| 082 | _a630 | ||
| 100 | _aRajamani, V. | ||
| 245 |
_aAgriculture: _bSelf Learning/Examination Oriented/Practical Guide/ _cV. Rajamani |
||
| 260 |
_aChennai _bUnique Media Integrators _c2017 |
||
| 270 |
_aNo. 8, 6th Cross, 8th Main Road, Vaishavi Nagar, Thirumullaivoyal _bChennai _e600109 _mumi.infobooks@gmail.com |
||
| 300 |
_a96p _c21cm(pbk) |
||
| 942 |
_2ddc _cEN _h630 _mRAJ |
||